[Event "Landsturneringen 2009, Mester"]
[Site "Bergen"]
[Date "2009.07.06"]
[Round "3"]
[White "Bjerke, Silje"]
[Black "Kirkebø, Carl Peter"]
[Result "0-1"]
[WhiteElo "2233"]
[BlackElo "2109"]
[PlyCount "84"]
[EventDate "2009.07.09"]
[EventType "swiss"]
[EventRounds "9"]
[EventCountry "NOR"]
[SourceDate "2009.07.06"]

1. e4 c5 2. Nf3 e6 3. d4 cxd4 4. Nxd4 a6 5. Nc3 Qc7 6. Be2 b5 7. O-O Bb7 8. Re1
Nc6 9. Nxc6 dxc6 10. e5 Rd8 11. Bd3 c5 12. Qg4 Ne7 13. Bg5 Rd4 14. Qh5 g6 15.
Qh3 Bg7 16. Be4 Nd5 17. Rad1 Qxe5 18. Bxd5 Rxd1 19. Rxd1 exd5 20. f4 Qe6 21. f5
Qxf5 22. Re1+ Kd7 23. Qg3 Bd4+ 24. Kh1 Re8 25. Rd1 Bf2 26. Qf3 Qxf3 27. gxf3 d4
28. Kg2 Be3 29. Bh4 g5 30. Bg3 g4 31. Kf1 Bxf3 32. Ne2 f5 33. c3 f4 34. Bh4 Kc7
35. cxd4 Bxd4 36. Rd2 Bxe2+ 37. Rxe2 Rxe2 38. Kxe2 Bxb2 39. Kd3 Be5 40. Ke4 Kd6
41. Bf2 f3 42. Bg1 Ke6 0-1

[Event "Landsturneringen 2009, Mester"]
[Site "Bergen"]
[Date "2009.07.06"]
[Round "3"]
[White "Gandrud, Vegar Koi"]
[Black "Ferkingstad, Sjur"]
[Result "0-1"]
[WhiteElo "2151"]
[BlackElo "2111"]
[PlyCount "76"]
[EventDate "2009.07.09"]
[EventType "swiss"]
[EventRounds "9"]
[EventCountry "NOR"]
[SourceDate "2009.07.06"]

1. d4 f5 2. e4 fxe4 3. Nc3 Nf6 4. Bg5 Nc6 5. d5 Ne5 6. Qe2 Nf7 7. Bxf6 exf6 8.
Nxe4 Bb4+ 9. c3 Be7 10. d6 cxd6 11. O-O-O O-O 12. Qh5 g6 13. Qd5 f5 14. Nd2 Rb8
15. Ngf3 b5 16. h4 b4 17. Qb3 Qc7 18. h5 bxc3 19. Qxc3 Qxc3+ 20. bxc3 Bb7 21.
hxg6 hxg6 22. Nd4 Rfc8 23. Kc2 Bf6 24. N2b3 a5 25. a4 Be4+ 26. Bd3 Bd5 27. Bb5
Ne5 28. f3 Nc4 29. Rhe1 Na3+ 30. Kb2 Nxb5 31. Nxb5 Bxb3 32. Kxb3 Rxc3+ 33. Ka2
Rc2+ 34. Kb3 Rb2+ 35. Ka3 Rb4 36. Re2 Bg7 37. Rd5 Rc8 38. g3 Rcc4 0-1

[Event "Landsturneringen 2009, Mester"]
[Site "Bergen"]
[Date "2009.07.06"]
[Round "3"]
[White "Glenne, Bjørn-Erik"]
[Black "Skrondal, Inge Sandstad"]
[Result "1-0"]
[WhiteElo "2181"]
[BlackElo "2218"]
[PlyCount "45"]
[EventDate "2009.07.09"]
[EventType "swiss"]
[EventRounds "9"]
[EventCountry "NOR"]
[SourceDate "2009.07.06"]

1. d4 Nf6 2. c4 g6 3. Nc3 Bg7 4. e4 O-O 5. f4 d6 6. Nf3 c5 7. d5 e6 8. Be2 exd5
9. cxd5 Re8 10. e5 dxe5 11. fxe5 Ng4 12. e6 fxe6 13. d6 Nd7 14. O-O c4 15. Nd5
exd5 16. Qxd5+ Kh8 17. Ng5 Qb6+ 18. Kh1 Nf2+ 19. Rxf2 Qxf2 20. Nf7+ Qxf7 21.
Qxf7 Rxe2 22. Bg5 b5 23. Qf3 1-0

[Event "Landsturneringen 2009, Mester"]
[Site "Bergen"]
[Date "2009.07.06"]
[Round "3"]
[White "Gundersen, Helge"]
[Black "Ludvigsen, Frode"]
[Result "1-0"]
[WhiteElo "2231"]
[BlackElo "2014"]
[PlyCount "91"]
[EventDate "2009.07.09"]
[EventType "swiss"]
[EventRounds "9"]
[EventCountry "NOR"]
[SourceDate "2009.07.06"]

1. b3 e5 2. Bb2 d6 3. e3 g6 4. d4 Bg7 5. dxe5 dxe5 6. Qxd8+ Kxd8 7. Nc3 Be6 8.
O-O-O+ Nd7 9. Nf3 f6 10. Nd2 Nh6 11. Bc4 Re8 12. Bxe6 Rxe6 13. Nde4 Ke8 14.
Rxd7 Kxd7 15. Nc5+ Kd6 16. N3e4+ Ke7 17. Nxe6 Kxe6 18. Nc5+ Ke7 19. Rd1 Rd8 20.
Nxb7 Rxd1+ 21. Kxd1 Ke6 22. Ke2 Bf8 23. Na5 Kd7 24. e4 Nf7 25. Nc4 Ng5 26. f3
Ne6 27. Bc1 Bc5 28. c3 Bg1 29. h3 Nf4+ 30. Bxf4 exf4 31. Kd3 Ke6 32. Na3 Kd7
33. Kc4 c6 34. Nc2 Bb6 35. a4 g5 36. b4 a6 37. Nd4 Kd6 38. Nb3 Ba7 39. Na5 Bb6
40. Nb7+ Kc7 41. Nc5 a5 42. Nb3 axb4 43. cxb4 Ba7 44. Nd4 Kb7 45. Ne6 Be3 46.
Nf8 1-0

[Event "Landsturneringen 2009, Mester"]
[Site "Bergen"]
[Date "2009.07.06"]
[Round "3"]
[White "Horda, Carl Eric"]
[Black "Kovachev, Daniel Jakobsen"]
[Result "0-1"]
[WhiteElo "2003"]
[BlackElo "2239"]
[PlyCount "80"]
[EventDate "2009.07.09"]
[EventType "swiss"]
[EventRounds "9"]
[EventCountry "NOR"]
[SourceDate "2009.07.06"]

1. d4 Nf6 2. c4 e6 3. g3 d5 4. Bg2 Be7 5. Nf3 O-O 6. O-O dxc4 7. Qc2 a6 8. Qxc4
b5 9. Qc2 Bb7 10. Bd2 Bd6 11. Rc1 Qe7 12. Bf4 Nbd7 13. Ne5 Bxg2 14. Kxg2 Bxe5
15. Bxe5 Rfc8 16. Bxf6 Qxf6 17. Nc3 Qxd4 18. Rd1 Qc5 19. Qe4 Nf6 20. Qf3 Qe5
21. Rd2 c5 22. Rad1 h6 23. Rd6 c4 24. Qb7 Rab8 25. Qe7 b4 26. Na4 Qe4+ 27. Kg1
Qxe2 28. Nb6 Rxb6 29. R6d2 Qh5 30. Rd8+ Kh7 31. R1d4 Rbb8 32. Rxc8 Rxc8 33.
Qxb4 Qc5 34. Qd2 e5 35. Rh4 c3 36. Qc2+ e4 37. b4 Qd5 38. Kg2 Qd3 39. Qa4 Qf3+
40. Kh3 Qf5+ 0-1

[Event "Landsturneringen 2009, Mester"]
[Site "Bergen"]
[Date "2009.07.06"]
[Round "3"]
[White "Johansen, Paul"]
[Black "Martinsen, Stig K."]
[Result "1/2-1/2"]
[WhiteElo "2052"]
[BlackElo "2132"]
[PlyCount "40"]
[EventDate "2009.07.09"]
[EventType "swiss"]
[EventRounds "9"]
[EventCountry "NOR"]
[SourceDate "2009.07.06"]

1. c4 b6 2. Nc3 Bb7 3. Nf3 e6 4. a3 f5 5. e3 Nf6 6. Be2 g6 7. O-O Bg7 8. d4 a5
9. Rb1 O-O 10. b4 axb4 11. axb4 Qe7 12. b5 d6 13. Qb3 Ne4 14. Bb2 Nd7 15. Nxe4
Bxe4 16. Ra1 h6 17. Rxa8 Rxa8 18. Nd2 Bb7 19. Bf3 Bxf3 20. Nxf3 Qe8 1/2-1/2

[Event "Landsturneringen 2009, Mester"]
[Site "Bergen"]
[Date "2009.07.06"]
[Round "3"]
[White "Karlsen, Terje"]
[Black "Laverton, Christian"]
[Result "1-0"]
[WhiteElo "2045"]
[BlackElo "1834"]
[PlyCount "55"]
[EventDate "2009.07.09"]
[EventType "swiss"]
[EventRounds "9"]
[EventCountry "NOR"]
[SourceDate "2009.07.06"]

1. c4 c6 2. Nc3 d5 3. e3 Nf6 4. Nf3 a6 5. b3 Bg4 6. h3 Bxf3 7. Qxf3 e5 8. g4 h6
9. Bb2 e4 10. Qg2 Nbd7 11. O-O-O Qc7 12. Kb1 b5 13. cxd5 cxd5 14. Nxd5 Qc6 15.
Nxf6+ gxf6 16. d3 Nc5 17. dxe4 Rc8 18. Rc1 Qe6 19. Qf3 Be7 20. Qf5 O-O 21. f3
Rfd8 22. Rh2 Nb7 23. Rxc8 Rxc8 24. Rc2 Rd8 25. Be2 Qb6 26. Qf4 Qa5 27. Bc3 Qb6
28. Qxh6 1-0

[Event "Landsturneringen 2009, Mester"]
[Site "Bergen"]
[Date "2009.07.06"]
[Round "3"]
[White "Mihajlov, Svetoslav"]
[Black "Lilleløkken, Kjell Arne"]
[Result "0-1"]
[WhiteElo "2058"]
[BlackElo "1940"]
[PlyCount "70"]
[EventDate "2009.07.09"]
[EventType "swiss"]
[EventRounds "9"]
[EventCountry "NOR"]
[SourceDate "2009.07.06"]

1. d4 f5 2. c4 Nf6 3. g3 g6 4. Bg2 Bg7 5. Nf3 O-O 6. O-O d6 7. Nc3 Qe8 8. d5 a5
9. Nd4 Na6 10. Rb1 Bd7 11. b3 Nc5 12. a3 c6 13. b4 axb4 14. axb4 Nce4 15. Nxe4
Nxe4 16. Bb2 e5 17. Nb3 cxd5 18. Qxd5+ Be6 19. Qd3 Qf7 20. Nd2 Rad8 21. Nxe4
fxe4 22. Bxe4 Bxc4 23. Qd2 d5 24. Bg2 b5 25. f3 d4 26. Kh1 h5 27. Rfe1 Kh7 28.
Bc1 Ra8 29. e3 Bh6 30. f4 Ra2 31. Rb2 dxe3 32. Qxe3 exf4 33. Qe7 f3 34. Rxa2
Bxa2 35. Bf1 f2 0-1

[Event "Landsturneringen 2009, Mester"]
[Site "Bergen"]
[Date "2009.07.06"]
[Round "3"]
[White "Moen, Ole Christian"]
[Black "Riisem, Øyvind"]
[Result "0-1"]
[WhiteElo "2205"]
[BlackElo "1967"]
[PlyCount "60"]
[EventDate "2009.07.09"]
[EventType "swiss"]
[EventRounds "9"]
[EventCountry "NOR"]
[SourceDate "2009.07.06"]

1. e4 Nc6 2. d4 e5 3. d5 Nce7 4. d6 Nc6 5. dxc7 Qxc7 6. Nf3 Nf6 7. Bd3 d5 8.
exd5 Nxd5 9. O-O Be7 10. Re1 Be6 11. Ng5 Bxg5 12. Bxg5 f6 13. Bd2 O-O-O 14. Nc3
Ndb4 15. Nb5 Qb6 16. Bf1 Bf5 17. Qf3 Rxd2 18. Qxf5+ Kb8 19. Rad1 Rhd8 20. Rxd2
Rxd2 21. c3 Nd5 22. Nd6 Nce7 23. Qd7 a6 24. Be2 Nf4 25. Qe8+ Ka7 26. Ne4 Rxe2
27. Rxe2 Nxe2+ 28. Kf1 Nd5 29. Kxe2 Qxb2+ 30. Kd3 Qb1+ 0-1

[Event "Landsturneringen 2009, Mester"]
[Site "Bergen"]
[Date "2009.07.07"]
[Round "4"]
[White "Andreassen, Arnold"]
[Black "Karlsen, Terje"]
[Result "1-0"]
[WhiteElo "2040"]
[BlackElo "2045"]
[PlyCount "79"]
[EventDate "2009.07.09"]
[EventType "swiss"]
[EventRounds "9"]
[EventCountry "NOR"]
[SourceDate "2009.07.06"]

1. e4 e6 2. d4 d5 3. Nd2 Nf6 4. e5 Nfd7 5. Bd3 c5 6. c3 Nc6 7. Ne2 cxd4 8. cxd4
f6 9. exf6 Nxf6 10. Nf3 Bd6 11. O-O Qc7 12. Bg5 O-O 13. Rc1 Nh5 14. Ng3 Nf4 15.
Bxf4 Bxf4 16. Rc2 g6 17. Re1 Qg7 18. Bb5 Nd8 19. Ne5 a6 20. Bd3 Nc6 21. Nxc6
bxc6 22. Rxc6 Qxd4 23. Qc2 Bd7 24. Rxa6 Rac8 25. Qe2 e5 26. Rf1 e4 27. Bb5 Bxb5
28. Qxb5 Rc2 29. Ne2 Qxb2 30. Qxd5+ Kg7 31. Nxf4 Rxf4 32. Ra7+ Kh6 33. h4 Rxh4
34. Qf7 Qe5 35. g3 Rg4 36. Qxh7+ Kg5 37. Qh3 Qc5 38. Rg7 Qf5 39. Qh7 Qc5 40.
Qxg6# 1-0

[Event "Landsturneringen 2009, Mester"]
[Site "Bergen"]
[Date "2009.07.07"]
[Round "4"]
[White "Bryn, Askild"]
[Black "Bentsen, Håkon"]
[Result "0-1"]
[WhiteElo "2014"]
[BlackElo "2085"]
[PlyCount "82"]
[EventDate "2009.07.09"]
[EventType "swiss"]
[EventRounds "9"]
[EventCountry "NOR"]
[SourceDate "2009.07.06"]

1. e4 e5 2. Nf3 Nc6 3. Bc4 Bc5 4. O-O Nf6 5. d3 d6 6. c3 Bg4 7. b4 Bb6 8. Qb3
O-O 9. Nbd2 a5 10. a4 Qd7 11. Bb2 Nh5 12. b5 Nd8 13. d4 Nf4 14. Kh1 Bxf3 15.
Nxf3 Qg4 16. Ne1 Nde6 17. Qd1 Qg6 18. g3 Nh3 19. f3 h6 20. Ng2 Qf6 21. d5 Nc5
22. Qe2 Qe7 23. Ne3 g6 24. Qg2 Ng5 25. h4 Nh7 26. Bc1 h5 27. Qh3 Qd7 28. Qg2 f5
29. exf5 gxf5 30. Be2 Nb3 31. Bd1 Nxc1 32. Nxf5 Rxf5 33. Rxc1 Raf8 34. Bc2 R5f6
35. Rce1 Qf7 36. Be4 Rh6 37. c4 Nf6 38. Bc2 Nd7 39. Qh3 Rf6 40. Bd1 Nc5 41. Kg2
Qg7 0-1

[Event "Landsturneringen 2009, Mester"]
[Site "Bergen"]
[Date "2009.07.04"]
[Round "4"]
[White "Ferkingstad, Sjur"]
[Black "Riisem, Øyvind"]
[Result "1-0"]
[WhiteElo "2111"]
[BlackElo "1967"]
[PlyCount "131"]
[EventDate "2009.07.09"]
[EventType "swiss"]
[EventRounds "9"]
[EventCountry "NOR"]
[SourceDate "2009.07.06"]

1. e4 c5 2. Nc3 Nc6 3. f4 g6 4. Nf3 Bg7 5. Bb5 Nd4 6. O-O Nxb5 7. Nxb5 d5 8. e5
a6 9. Nc3 d4 10. Ne4 Qd5 11. d3 Nh6 12. Qe1 O-O 13. a4 b6 14. b3 Bb7 15. Bd2 f6
16. Qh4 b5 17. axb5 axb5 18. Rxa8 Bxa8 19. Ra1 Nf5 20. Qh3 c4 21. exf6 exf6 22.
bxc4 bxc4 23. Ng3 Ne3 24. Ra5 Qd6 25. Nxd4 f5 26. Bxe3 Bxd4 27. Nf1 cxd3 28.
cxd3 Re8 29. Qg3 Bxe3+ 30. Nxe3 Qd4 31. Qf2 Bc6 32. Nf1 Qxd3 33. Qa2+ Kg7 34.
Ra7+ Kh6 35. Qf2 Bd7 36. h3 g5 37. fxg5+ Kxg5 38. Nd2 Kg6 39. Nf3 Qd1+ 40. Kh2
Qd6+ 41. Qg3+ Qxg3+ 42. Kxg3 Be6 43. Ra6 Kf6 44. Kf4 Kg7 45. Ra7+ Kg8 46. Ng5
h6 47. Nh7 Rb8 48. Nf6+ Kf8 49. Ke5 Bc8 50. Nd5 Ke8 51. Re7+ Kf8 52. Rh7 Ra8
53. Rxh6 Kg7 54. Rc6 Ba6 55. Rc7+ Kg6 56. Nf4+ Kh6 57. Rc6+ Kh7 58. Kxf5 Bf1
59. Rc7+ Kh6 60. g4 Ra5+ 61. Kf6 Ra6+ 62. Ne6 Bxh3 63. g5+ Kh5 64. Rh7+ Kg4 65.
g6 Ra8 66. g7 1-0

[Event "Landsturneringen 2009, Mester"]
[Site "Bergen"]
[Date "2009.07.07"]
[Round "4"]
[White "Kovachev, Daniel Jakobsen"]
[Black "Haarr, Jon Kristian"]
[Result "1/2-1/2"]
[WhiteElo "2239"]
[BlackElo "2128"]
[PlyCount "92"]
[EventDate "2009.07.09"]
[EventType "swiss"]
[EventRounds "9"]
[EventCountry "NOR"]
[SourceDate "2009.07.06"]

1. e4 c6 2. c4 d5 3. exd5 cxd5 4. cxd5 Nf6 5. Nc3 Nxd5 6. Nf3 Nc6 7. Bb5 e6 8.
O-O Be7 9. d4 O-O 10. Re1 a6 11. Bxc6 bxc6 12. Na4 Nb6 13. Ne5 Nxa4 14. Nxc6
Nxb2 15. Bxb2 Qc7 16. Nxe7+ Qxe7 17. d5 Rd8 18. Qg4 Qf8 19. d6 Bb7 20. Rac1
Rac8 21. Rc7 Rxc7 22. dxc7 Rc8 23. Qg3 Bd5 24. Ba3 Qe8 25. Rb1 e5 26. Bd6 f6
27. Rb8 Be6 28. Qa3 Qc6 29. h3 Kf7 30. Rb1 Qe4 31. Rc1 Bd5 32. f3 Qd4+ 33. Kh1
Be6 34. Qxa6 Qd2 35. Ra1 Qb2 36. Qf1 Bxa2 37. Rc1 Be6 38. Qe1 Ra8 39. Rb1 Qd4
40. Rd1 Qa4 41. Rc1 Qd4 42. Bc5 Qd7 43. Bb6 Qb5 44. Qe3 Qb2 45. Qg1 Ra2 46. Be3
Qb7 1/2-1/2

[Event "Landsturneringen 2009, Mester"]
[Site "Bergen"]
[Date "2009.07.07"]
[Round "4"]
[White "Lilleløkken, Kjell Arne"]
[Black "Gundersen, Helge"]
[Result "1-0"]
[WhiteElo "1940"]
[BlackElo "2231"]
[PlyCount "89"]
[EventDate "2009.07.09"]
[EventType "swiss"]
[EventRounds "9"]
[EventCountry "NOR"]
[SourceDate "2009.07.06"]

1. f4 d5 2. Nf3 g6 3. e3 Bg7 4. Be2 Nf6 5. O-O O-O 6. d3 c5 7. Nc3 b6 8. e4 d4
9. Nb1 Nc6 10. c4 dxc3 11. Nxc3 Bg4 12. Be3 Rc8 13. Qd2 Bxf3 14. Bxf3 e5 15.
Rad1 Qd7 16. f5 Nd4 17. Bh6 Ne8 18. Bxg7 Kxg7 19. Nd5 f6 20. Bg4 g5 21. h4 h6
22. Kf2 Nc7 23. Ne3 Rcd8 24. Rh1 Rh8 25. Bh5 Nc6 26. hxg5 hxg5 27. Bg6 Nb4 28.
Rxh8 Rxh8 29. a3 Nc6 30. Qc2 Ne7 31. b4 Nxg6 32. fxg6 cxb4 33. d4 Kxg6 34. dxe5
Qf7 35. Rd6 Ne6 36. Qc6 fxe5+ 37. Kg1 Re8 38. axb4 Kh5 39. Nf5 g4 40. Rxe6 Rxe6
41. Qxe6 Qxe6 42. Ng7+ Kh4 43. Nxe6 a5 44. bxa5 bxa5 45. Kf2 1-0

[Event "Landsturneringen 2009, Mester"]
[Site "Bergen"]
[Date "2009.07.04"]
[Round "4"]
[White "Lund, Terje"]
[Black "Strand, Håkon"]
[Result "1-0"]
[WhiteElo "1985"]
[BlackElo "2035"]
[PlyCount "47"]
[EventDate "2009.07.09"]
[EventType "swiss"]
[EventRounds "9"]
[EventCountry "NOR"]
[SourceDate "2009.07.06"]

1. Nf3 Nf6 2. d4 d5 3. c4 e6 4. Nc3 Be7 5. cxd5 exd5 6. Bg5 O-O 7. e3 b6 8. Bd3
Bb7 9. O-O Nbd7 10. Rc1 a6 11. Bf5 Re8 12. Qb3 Nf8 13. Rfd1 h6 14. Bh4 Ne4 15.
Bxe7 Rxe7 16. Ne5 Nxc3 17. bxc3 c5 18. a4 Rb8 19. Rb1 Ba8 20. Rd2 Ne6 21. Qd1
Qd6 22. Qg4 Bc6 23. Qg3 Nf8 24. Nxc6 1-0

[Event "Landsturneringen 2009, Mester"]
[Site "Bergen"]
[Date "2009.07.04"]
[Round "4"]
[White "Skrondal, Inge Sandstad"]
[Black "Moen, Ole Christian"]
[Result "1-0"]
[WhiteElo "2218"]
[BlackElo "2205"]
[PlyCount "41"]
[EventDate "2009.07.09"]
[EventType "swiss"]
[EventRounds "9"]
[EventCountry "NOR"]
[SourceDate "2009.07.06"]

1. Nf3 g6 2. c4 Bg7 3. e4 d6 4. d4 Nd7 5. Nc3 e5 6. Be3 Bh6 7. Qd2 Bxe3 8. Qxe3
c6 9. Be2 Ngf6 10. h3 O-O 11. d5 cxd5 12. cxd5 Nh5 13. g3 f5 14. exf5 gxf5 15.
Qh6 Nhf6 16. g4 f4 17. g5 Ne8 18. g6 Qe7 19. Rg1 Ndf6 20. gxh7+ Kh8 21. Nh4 1-0

[Event "Landsturneringen 2009, Mester"]
[Site "Bergen"]
[Date "2009.07.07"]
[Round "4"]
[White "Stubberud, Ørnulf"]
[Black "Glenne, Bjørn-Erik"]
[Result "1-0"]
[WhiteElo "2200"]
[BlackElo "2181"]
[PlyCount "97"]
[EventDate "2009.07.09"]
[EventType "swiss"]
[EventRounds "9"]
[EventCountry "NOR"]
[SourceDate "2009.07.06"]

1. e4 c6 2. d4 d5 3. f3 dxe4 4. fxe4 e5 5. Nf3 Bg4 6. Bc4 Nf6 7. Bxf7+ Ke7 8.
Bb3 Bxf3 9. Qxf3 Qxd4 10. Nc3 Nbd7 11. Be3 Qb4 12. a3 Qa5 13. Qf5 Kd8 14. O-O-O
Kc7 15. g4 Bxa3 16. g5 Qxc3 17. bxa3 Qxe3+ 18. Kb1 g6 19. Qe6 Nxe4 20. Rxd7+
Kb6 21. Qe7 Nc5 22. Rxb7+ Nxb7 23. Qb4+ Kc7 24. Qe7+ Kb8 25. Rf1 Qc5 26. Qg7
Rd8 27. Qxh7 Qc3 28. Qxg6 Nc5 29. Qxc6 a5 30. Qb6+ Nb7 31. g6 Qc5 32. Qxd8+
Nxd8 33. g7 Ra7 34. g8=Q Rd7 35. a4 Kc7 36. Qc4 Kb6 37. Qxc5+ Kxc5 38. h4 Rh7
39. Rh1 Nc6 40. h5 Nd4 41. h6 Nxb3 42. cxb3 Kd4 43. Kc2 e4 44. Rh3 Rc7+ 45. Kd2
Rh7 46. Rh4 Kc5 47. Kc3 e3 48. Kd3 Re7 49. Ke2 1-0

[Event "Landsturneringen 2009, Mester"]
[Site "Bergen"]
[Date "2009.07.07"]
[Round "4"]
[White "Thorstensen, Trond"]
[Black "Olsen, Anders"]
[Result "1-0"]
[WhiteElo "2264"]
[BlackElo "2011"]
[PlyCount "69"]
[EventDate "2009.07.09"]
[EventType "swiss"]
[EventRounds "9"]
[EventCountry "NOR"]
[SourceDate "2009.07.06"]

1. d4 Nf6 2. c4 e6 3. Nf3 b6 4. a3 Ba6 5. Qc2 Bb7 6. Nc3 c5 7. e4 cxd4 8. Nxd4
Bc5 9. Nb3 Nc6 10. Bg5 Be7 11. Be2 h6 12. Bh4 O-O 13. O-O Ne8 14. Bxe7 Qxe7 15.
Rad1 d6 16. Qd2 Rd8 17. Rfe1 a6 18. Qe3 Qc7 19. Na4 Nf6 20. Qxb6 Qxb6 21. Nxb6
Nxe4 22. Bf3 Ng5 23. Bxc6 Bxc6 24. Na5 Rb8 25. Rxd6 Rxb6 26. b4 Rc8 27. c5 Ne4
28. Rxe4 Bxe4 29. Rxb6 Rd8 30. f3 Rd1+ 31. Kf2 Bd3 32. Rd6 Rf1+ 33. Ke3 Bb5 34.
c6 Rc1 35. Kd2 1-0

[Event "Landsturneringen 2009, Mester"]
[Site "Bergen"]
[Date "2009.07.08"]
[Round "5"]
[White "Aulin-Jansson, Jøran"]
[Black "Sørgjerd, Jan"]
[Result "1-0"]
[WhiteElo "2122"]
[BlackElo "2093"]
[PlyCount "101"]
[EventDate "2009.07.09"]
[EventType "swiss"]
[EventRounds "9"]
[EventCountry "NOR"]
[SourceDate "2009.07.06"]

1. Nf3 c5 2. c4 g6 3. d4 cxd4 4. Nxd4 Bg7 5. g3 Nc6 6. Nc2 Nf6 7. Nc3 O-O 8.
Bg2 d6 9. O-O Nd7 10. Nd5 Nc5 11. Rb1 a5 12. Re1 Bg4 13. h3 Bd7 14. b3 Rb8 15.
Bb2 Bxb2 16. Rxb2 b5 17. cxb5 Rxb5 18. h4 Na4 19. Rb1 Rxd5 20. Qxd5 Nc3 21. Qc4
Nxb1 22. Rxb1 Qb6 23. Ne3 Rc8 24. Nd5 Qd8 25. Qf4 Ne5 26. Rc1 Rxc1+ 27. Qxc1 e6
28. Ne3 Qb6 29. Kf1 Bc6 30. Bxc6 Qxc6 31. Qxc6 Nxc6 32. Ke1 h5 33. Kd2 d5 34.
Nc2 Kf8 35. Kc3 Ke7 36. b4 axb4+ 37. Nxb4 Na5 38. Nd3 Kd6 39. Kb4 Nc6+ 40. Kb5
Nd4+ 41. Kb6 Nxe2 42. a4 Nc3 43. a5 d4 44. a6 Nd5+ 45. Kb7 Nc7 46. a7 f6 47. f4
e5 48. fxe5+ fxe5 49. Nxe5 Ne6 50. Nc4+ Kc5 51. a8=Q 1-0

[Event "Landsturneringen 2009, Mester"]
[Site "Bergen"]
[Date "2009.07.08"]
[Round "5"]
[White "Bentsen, Håkon"]
[Black "Thorstensen, Trond"]
[Result "1-0"]
[WhiteElo "2085"]
[BlackElo "2264"]
[PlyCount "79"]
[EventDate "2009.07.09"]
[EventType "swiss"]
[EventRounds "9"]
[EventCountry "NOR"]
[SourceDate "2009.07.06"]

1. e4 e6 2. d4 d5 3. Nd2 Nf6 4. e5 Nfd7 5. Bd3 c5 6. c3 Nc6 7. Ne2 Qb6 8. Nf3
cxd4 9. cxd4 Bb4+ 10. Bd2 Bxd2+ 11. Qxd2 Qb4 12. Rc1 f6 13. exf6 Qxd2+ 14. Kxd2
gxf6 15. Nf4 Kf7 16. Bb5 Ndb8 17. Rhe1 a6 18. Ba4 Bd7 19. g4 Rg8 20. g5 fxg5
21. Nd3 Ke7 22. Bb3 g4 23. Nfe5 Nxd4 24. Bxd5 exd5 25. Nc6+ Kd6 26. Nxd4 Nc6
27. Nc5 b6 28. Nb7+ Kc7 29. Nxc6 Kxb7 30. Re7 Kc7 31. Rxh7 Rh8 32. Rg7 Kd6 33.
Rg6+ Be6 34. Nd4 Ke5 35. Nc6+ Kd6 36. Re1 Kxc6 37. Rexe6+ Kc5 38. Rc6+ Kd4 39.
Rxg4+ Ke5 40. h4 {Tid} 1-0

[Event "Landsturneringen 2009, Mester"]
[Site "Bergen"]
[Date "2009.07.08"]
[Round "5"]
[White "Bjerke, Silje"]
[Black "Ludvigsen, Frode"]
[Result "1-0"]
[WhiteElo "2233"]
[BlackElo "2014"]
[PlyCount "101"]
[EventDate "2009.07.09"]
[EventType "swiss"]
[EventRounds "9"]
[EventCountry "NOR"]
[SourceDate "2009.07.06"]

1. e4 e6 2. d4 d5 3. Nd2 Nf6 4. e5 Nfd7 5. Bd3 c5 6. c3 Nc6 7. Ne2 cxd4 8. cxd4
f6 9. exf6 Nxf6 10. Nf3 Bd6 11. Bf4 Bxf4 12. Nxf4 O-O 13. Ne2 Ne4 14. O-O Rxf3
15. gxf3 Ng5 16. Kh1 e5 17. dxe5 Nxf3 18. Bxh7+ Kh8 19. Nf4 Ncxe5 20. Be4 Bg4
21. Ng6+ Nxg6 22. Bxf3 Be6 23. Rg1 Ne5 24. Rg3 Qh4 25. Qe2 Nxf3 26. Qxf3 Rd8
27. Re1 Qh6 28. Re5 Kg8 29. Qe3 Qxe3 30. Rgxe3 d4 31. Rd3 Bxa2 32. Re7 Bb1 33.
Rd2 Kf8 34. Rc7 Be4+ 35. Kg1 d3 36. f4 Rd6 37. Kf2 Rb6 38. Ke3 Bf5 39. Rg2 g6
40. h4 Rb4 41. h5 gxh5 42. Rg5 Bg4 43. Kxd3 Rxb2 44. Rgg7 Rb3+ 45. Kc2 Rb4 46.
Rcf7+ Ke8 47. f5 Bf3 48. Rc7 Kf8 49. f6 Bc6 50. Rc8+ Be8 51. Re7 1-0

[Event "Landsturneringen 2009, Mester"]
[Site "Bergen"]
[Date "2009.07.08"]
[Round "5"]
[White "Gandrud, Vegar Koi"]
[Black "Borchgrevink, Harald B"]
[Result "1/2-1/2"]
[WhiteElo "2151"]
[BlackElo "2283"]
[PlyCount "80"]
[EventDate "2009.07.09"]
[EventType "swiss"]
[EventRounds "9"]
[EventCountry "NOR"]
[SourceDate "2009.07.06"]

1. d4 Nf6 2. c4 e6 3. Nf3 b6 4. g3 Ba6 5. Qc2 Bb4+ 6. Nbd2 c5 7. Bg2 Nc6 8. O-O
cxd4 9. Qa4 Qc8 10. Ne5 Bxd2 11. Nxc6 Bxc1 12. Raxc1 Bb7 13. Nxd4 Bxg2 14. Kxg2
O-O 15. Rfd1 Qb7+ 16. f3 d5 17. cxd5 Nxd5 18. Qb3 Rac8 19. e4 Nf6 20. Nb5 Qa6
21. Rxc8 Rxc8 22. a4 h5 23. Qb4 Qb7 24. Rd2 Rc5 25. Qd4 Kh7 26. b4 Rc1 27. Qb2
Rc6 28. Qe5 Qe7 29. Nd6 Qc7 30. Kh3 Kg8 31. Qd4 Rc2 32. Nb5 Rxd2 33. Qxd2 Qc4
34. Kg2 a5 35. bxa5 bxa5 36. Qd4 Qc2+ 37. Kg1 Qb1+ 38. Kg2 Qc2+ 39. Kg1 Qb1+
40. Kg2 Qc2+ 1/2-1/2

[Event "Landsturneringen 2009, Mester"]
[Site "Bergen"]
[Date "2009.07.08"]
[Round "5"]
[White "Glenne, Bjørn-Erik"]
[Black "Thanke, Bror"]
[Result "1/2-1/2"]
[WhiteElo "2181"]
[BlackElo "2120"]
[PlyCount "81"]
[EventDate "2009.07.09"]
[EventType "swiss"]
[EventRounds "9"]
[EventCountry "NOR"]
[SourceDate "2009.07.06"]

1. d4 Nf6 2. c4 e6 3. Nc3 Bb4 4. e3 c5 5. Bd3 Nc6 6. Nf3 d5 7. O-O O-O 8. a3
Ba5 9. dxc5 Bxc3 10. bxc3 dxc4 11. Bxc4 Qa5 12. Bb2 Qxc5 13. Qe2 e5 14. e4 Bg4
15. a4 Na5 16. Ba2 Bxf3 17. Qxf3 Nc4 18. Bc1 Qc6 19. Re1 Rfd8 20. Bg5 Rd6 21.
Qe2 Rc8 22. Rab1 b6 23. f4 Qc5+ 24. Kh1 Rdc6 25. Rb5 Qa3 26. fxe5 Nd7 27. Bxc4
Rxc4 28. Rd5 Nf8 29. Rf1 Qxa4 30. Be7 Ng6 31. Rfd1 Re8 32. Bb4 Rcc8 33. Qg4 Qc6
34. Rd6 Nxe5 35. Qf5 Qa8 36. h4 h6 37. R1d5 f6 38. Rxf6 gxf6 39. Rxe5 fxe5 40.
Qg6+ Kh8 41. Qxh6+ 1/2-1/2

[Event "Landsturneringen 2009, Mester"]
[Site "Bergen"]
[Date "2009.07.08"]
[Round "5"]
[White "Kirkebø, Carl Peter"]
[Black "Ferkingstad, Sjur"]
[Result "0-1"]
[WhiteElo "2109"]
[BlackElo "2111"]
[PlyCount "60"]
[EventDate "2009.07.09"]
[EventType "swiss"]
[EventRounds "9"]
[EventCountry "NOR"]
[SourceDate "2009.07.06"]

1. e4 e6 2. d4 d5 3. Nd2 Nf6 4. e5 Nfd7 5. Bd3 c5 6. c3 Nc6 7. Ne2 cxd4 8. cxd4
f6 9. exf6 Qxf6 10. O-O Bd6 11. Nf3 h6 12. Ng3 O-O 13. Bc2 Rd8 14. Re1 Nf8 15.
Ne5 Qh4 16. f4 Bd7 17. Be3 Be8 18. Rf1 Rac8 19. Rc1 Rc7 20. Qd2 Rdc8 21. Bb1
Bb4 22. Qd1 Ba5 23. f5 Nxe5 24. dxe5 Bb6 25. Qd2 Rxc1 26. Rxc1 Rxc1+ 27. Qxc1
Qf4 28. Nf1 Bb5 29. g3 Qxf1+ 30. Qxf1 Bxe3+ 0-1

[Event "Landsturneringen 2009, Mester"]
[Site "Bergen"]
[Date "2009.07.08"]
[Round "5"]
[White "Kovachev, Daniel Jakobsen"]
[Black "Lilleløkken, Kjell Arne"]
[Result "1-0"]
[WhiteElo "2239"]
[BlackElo "1940"]
[PlyCount "73"]
[EventDate "2009.07.09"]
[EventType "swiss"]
[EventRounds "9"]
[EventCountry "NOR"]
[SourceDate "2009.07.06"]

1. e4 e6 2. d4 d5 3. Nd2 f5 4. exd5 exd5 5. Qh5+ g6 6. Qe2+ Be7 7. Ndf3 Nf6 8.
Bh6 Ne4 9. O-O-O Nc6 10. Nh3 Kf7 11. Ne5+ Nxe5 12. dxe5 Be6 13. Nf4 c6 14. Nxe6
Kxe6 15. f3 Bg5+ 16. Bxg5 Qxg5+ 17. Kb1 Nc5 18. Qf2 b6 19. c4 Rhd8 20. cxd5+
cxd5 21. Bb5 Rac8 22. Rd4 a6 23. Ba4 Qe7 24. Bc2 Kf7 25. Qe2 Ne6 26. Rd2 Qc5
27. Rhd1 b5 28. Bb3 d4 29. f4 Rc7 30. g4 d3 31. Rxd3 Rxd3 32. Qxd3 fxg4 33. f5
Kg7 34. fxe6 Qxe5 35. Qd4 Qxd4 36. Rxd4 Kf6 37. Rxg4 1-0